00275nam a2200109Ia 4500008004100000100003300041245002300074250000800097260003400105300000800139650001800147191201s2004 xx 000 0 und d aPentagon's Reference Library 0aAbbreviations Book a1st aN.DelhibPantagon Pressc2004 a519 aGeneral Books